Normal view
MARC view
- Coulston, Chris S.,
Entry Personal Name
001 - CONTROL NUMBER
- control field: 96310
003 - CONTROL NUMBER IDENTIFIER
- control field: NUST
005 - DATE AND TIME OF LATEST TRANSACTION
- control field: 20220802142015.0
008 - FIXED-LENGTH DATA ELEMENTS
- fixed length control field: 220802|| aca||aabn | a|a d
040 ## - CATALOGING SOURCE
- Original cataloging agency: NUST
- Transcribing agency: NUST
100 ## - HEADING--PERSONAL NAME
- Personal name: Coulston, Chris S.,
- Dates associated with a name: 1967-
670 ## - SOURCE DATA FOUND
- Source citation: Work cat.: (NUST)178438: Ford, Ralph M. 96309, Design for electrical and computer engineers :, c2008.
